000 00330nam a2200133Ia 4500
008 220204s9999 xx 000 0 und d
082 _a330.115
_bWON
100 _aWONNACOTT, Ronald T
245 0 _aEconometrics
260 _aNew York
_bJohn Wiley
_c1970
650 _aEconometrics
700 _aWONNACOTT, Thomas H
942 _cBK
999 _c22680
_d22680